Score 0/14 Timer 02:00
2 Plays Today
Clue 4-Letter Word % Correct
Shape of Italy, colloquiallyBOOT
95.3%
Fantastic Beasts and Where to ____ ThemFIND
95.2%
★ Thing that should not be judged by its cover ★★ BOOK ★
95.2%
12 inchesFOOT
95.2%
Boulder or stone, e.g.ROCK
94.2%
Arial, Helvetica, or Times New Roman, e.g.FONT
93.6%
★ Front of a clock; countenance ★ ★ FACE ★
92.8%
Clue 4-Letter Word % Correct
Castle on a chessboardROOK
92.8%
The Indianapolis 500, e.g.RACE
92.7%
Fee levied for breaking a ruleFINE
92.1%
Have a liking forFOND
89.9%
Queue; something drawn in the sandLINE
89.9%
Pool table triangleRACK
87.9%
★ Happening right now (or 'Lightning Crashes' band) ★★ LIVE ★
67.1%
Remove Ads.
Support Sporcle.
Get the best of Sporcle when you Go Orange. This ad-free experience offers more features, more stats, and more fun while also helping to support Sporcle. Thank you for becoming a member.

You're not logged in!

Compare scores with friends on all Sporcle quizzes.
OR
Log In

Sporcle TV

Today on Sporcle TV


Watch our educational content, quiz creation guides, and fun videos on Sporcle TV.

Show Comments

Extras

Top Quizzes Today


Score Distribution

Paid Content

Your Account Isn't Verified!

In order to create a playlist on Sporcle, you need to verify the email address you used during registration. Go to your Sporcle Settings to finish the process.

Report this User

Report this user for behavior that violates our Community Guidelines.

Details: